000
00279nam a22001337a 4500
008
170307b xxu||||| |||| 00| 0 eng d
020
_a
9780070105270
041
_a
eng
080
_a
611
100
_a
6
101
_a
shm
245
_a
HUMAN ANATOMY
_c
CAROLA, R
942
_2
udc
_c
BK
999
_c
6964
_d
6964